000 00386nam a2200157Ia 4500
008 230917s9999||||xx |||||||||||||| ||und||
020 _cRS210
040 _e27011
_aMAIN
041 _aEnglish
082 _a001.64 S87P
100 _aSutty, George
245 0 _aProgramming guide to the EGA/VGA
260 _aNew Delhi
_bBPB Publications
_c1990
300 _axiv, 512 p.
942 _cBK
999 _c65847
_d65847